000 00516cam a2200181 a 4500
001 000008862
005 20200929161428.0
008 880526s1987 cu 001 0 spa
040 _aDO-SdBNP
_bspa
_cBNPHU
082 _bF954b
100 1 _aFuentes, José Lorenzo,
_d1928-
_923417
245 1 0 _aBrigida pudo soñar /
_cJosé Lorenzo Fuentes.
260 _aQuito :
_bLetras Cubanas,
_c1987.
300 _a244 p. ;
_c18 cm.
490 1 _aGiraldilla
650 4 _aNovela cubana
_92316
650 4 _aLiteratura cubana
_91483
999 _c8631
_d8631